Statistiken für Bilder nach Buchstabe - L

Klicken Sie hier um das Quiz zu spielen!

Allgemein

  • Dieses Quiz wurde 1,221 mal gespielt
  • Das Durchschnittsergebnis liegt bei 12 aus 16

Antwortstatistiken

Answer % Korrekt
Lego
98%
Lufthansa
97%
Lava
97%
Lamborghini
97%
Lederhose
96%
Limbo
87%
Lincoln
84%
Louvre
83%
Luxemburg
77%
LKWs
71%
Lavendel
70%
Lenin
70%
Louisiana
61%
Laute
52%
Loipe
48%
Longhorn
23%

Verteilung der Resultate

Perzentil nach korrekt beantworteten Fragen

Anzahl Personen mit jedem Resultat

Ihre Resultats-Entwicklung

Sie haben dieses Quiz noch nicht gespielt